书目信息 |
| 题名: |
英语数字多模态写作教学与研究
|
|
| 作者: | 马蓉 著 | |
| 分册: | ||
| 出版信息: | 上海 上海交通大学出版社 2024.12 |
|
| 页数: | 198页 | |
| 开本: | 24cm | |
| 丛书名: | ||
| 单 册: | ||
| 中图分类: | H319.36 | |
| 科图分类: | ||
| 主题词: | 英语--写作--教学研究 | |
| 电子资源: | ||
| ISBN: | 978-7-313-32012-4 | |
| 000 | 01185nam0 2200253 450 | |
| 001 | 013379623 | |
| 005 | 20251022102045.41 | |
| 010 | @a978-7-313-32012-4@dCNY88.00 | |
| 100 | @a20250123d2024 em y0chiy0120 ea | |
| 101 | 0 | @achi |
| 102 | @aCN@b310000 | |
| 105 | @aa z 001yy | |
| 106 | @ar | |
| 200 | 1 | @a英语数字多模态写作教学与研究@9ying yu shu zi duo mo tai xie zuo jiao xue yu yan jiu@dTeaching and researching English digital multimodal composing@f马蓉著@zeng |
| 210 | @a上海@c上海交通大学出版社@d2024.12 | |
| 215 | @a198页@c图@d24cm | |
| 300 | @a江苏省社会科学基金一般项目“二语数字化多模态写作的评价模型建构与应用研究”阶段性成果 | |
| 330 | @a本书介绍了如何进行英语数字多模态写作教学与研究,分为教学篇和研究篇两大部分。教学篇探讨了数字多模态写作的教学理念、教学目标、教学方法、教学内容、作者身份建构、反馈与修改、写作评价和教学反思。研究篇评述了数字多模态写作过程研究、写作结果研究,教学研究、评价研究和研究方法。 | |
| 510 | 1 | @aTeaching and researching English digital multimodal composing@zeng |
| 606 | 0 | @a英语@x写作@x教学研究 |
| 690 | @aH319.36@v5 | |
| 701 | 0 | @a马蓉@9ma rong@4著 |
| 801 | 0 | @aCN@c20250910 |
| 905 | @a河南城建学院图书馆@dH319.36@eM143@ZM143@f1 | |
| 英语数字多模态写作教学与研究=Teaching and researching English digital multimodal composing/马蓉著.-上海:上海交通大学出版社,2024.12 |
| 198页:图;24cm |
| 江苏省社会科学基金一般项目“二语数字化多模态写作的评价模型建构与应用研究”阶段性成果 |
| ISBN 978-7-313-32012-4:CNY88.00 |
| 本书介绍了如何进行英语数字多模态写作教学与研究,分为教学篇和研究篇两大部分。教学篇探讨了数字多模态写作的教学理念、教学目标、教学方法、教学内容、作者身份建构、反馈与修改、写作评价和教学反思。研究篇评述了数字多模态写作过程研究、写作结果研究,教学研究、评价研究和研究方法。 |
| ● |
| 相关链接 |
|
|
|
正题名:英语数字多模态写作教学与研究
索取号:H319.36/M143
 
预约/预借
| 序号 | 登录号 | 条形码 | 馆藏地/架位号 | 状态 | 备注 |
| 1 | 1634415 | 216344150 | 语言库209/209语言库 43排1列6层/ [索取号:H319.36/M143] | 在馆 |